[Event "Top 12 FRA-chT 2017"]
[Site "Chartres"]
[Date "2017.05.18"]
[Round "1"]
[White "Palac, Mladen"]
[Black "Vernay, Clovis"]
[Result "0-1"]
[WhiteElo "2573"]
[BlackElo "2501"]
[Annotator "TA"]
[PlyCount "106"]
[EventDate "2017.??.??"]
[EventType "team-tourn"]
[EventCountry "FRA"]
[SourceTitle "playchess.com"]
[Source "ChessBase"]
[SourceQuality "1"]
[WhiteTeam "Nice Alekhine"]
[BlackTeam "Bois-Colombes"]

{[%evp 21,106,0,23,0,2,20,6,16,21,-29,12,-21,-14,-229,-224,-227,-216,-218,-200,-188,-72,-177,-183,-180,-185,-287,-277,-394,-393,-405,-389,-393,-323,-452,-435,-441,-437,-464,-457,-463,-463,-429,-404,-386,-391,-500,-485,-648,-644,-687,-528,-506,-515,-589,-610,-630,-616,-664,-606,-996,-997,-981,-964,-856,-835,-886,-841,-1202,-1209,-1162,-1070,-2153,-1963,-1731,-2007,-1724,-1393,-2544,-1625,-2327,-1943,-29963,-29961,-29964,-29959,-29937,-5065]} 1. e4 e6 2. d4 d5 3. Nc3 Nf6 4. e5 Nfd7 5. f4 c5 6. Nf3 Nc6 7. Be3 Be7 8. Qd2 O-O 9. dxc5 Nxc5 {C11: French: Classical System: 4 e5 and 4 Bg5 dxe4} 10. O-O-O a6 11. Kb1 Qc7 {LiveBook: 14 Games. The position is equal.} 12. g4 b6 $146 ({Predecessor:} 12... b5 13. Bxc5 Bxc5 14. Bd3 b4 15. Ne2 a5 16. Ng5 h6 17. Nh7 {1-0 (30) Areshchenko,A (2667)-Svane,R (2526) Gjakova 2016}) 13. h4 Bb7 {aiming for ...d4!} 14. Bg2 Rac8 15. Qe1 Ne4 16. Nxe4 dxe4 17. Nd2 $2 {[#]} (17. Ng5 $1 $11 {and White is okay.}) 17... Nb4 $1 $19 18. Rc1 {[#]} Qd7 $1 ({But not} 18... Nxc2 $2 19. Qe2 $18) 19. a3 Nxc2 20. Rxc2 Qd3 (20... Rxc2 $19 21. Kxc2 Qd3+ 22. Kd1 Rd8) 21. Qc1 (21. Bc5 $17) 21... Rxc2 22. Qxc2 Qxe3 23. Nc4 (23. Nxe4 {only move.} Rc8 24. Nc3) 23... Qxf4 24. Nxb6 (24. Qe2 {was worth a try.}) 24... Qxg4 25. h5 h6 26. Re1 Bh4 27. Re2 Rd8 28. Na4 Qxh5 29. Bxe4 Bxe4 30. Qxe4 Qf5 31. Nc5 a5 32. Ka2 Qxe4 33. Rxe4 {[%mdl 4096] Endgame KRB-KRN} Bg3 34. Nb7 Rd5 35. Ra4 Be1 36. Re4 Bd2 37. Nd6 g5 38. Nc4 Bf4 39. a4 Bd2 40. Nxd2 Rxd2 {KR-KR} 41. Kb3 Kg7 42. Kc3 Rd5 43. b4 axb4+ 44. Kxb4 h5 {[%cal Bh6h5,Bh5h4,Bh4h3][%mdl 32]} 45. a5 f5 46. exf6+ Kxf6 47. a6 Rd8 48. Kc5 h4 49. a7 Kf5 50. Rb4 Ra8 51. Kb6 g4 {Black mates.} 52. Kb7 {[#]} Rxa7+ $1 {[%mdl 512]} 53. Kxa7 h3 {Precision: White = 33%, Black = 77%.} 0-1

[Event "Top 12 FRA-chT 2017"]
[Site "Chartres"]
[Date "2017.05.18"]
[Round "1"]
[White "David, Alberto"]
[Black "Vidal, Llewellyn"]
[Result "1-0"]
[WhiteElo "2548"]
[BlackElo "2193"]
[Annotator "TA"]
[PlyCount "107"]
[EventDate "2017.??.??"]
[EventType "team-tourn"]
[EventCountry "FRA"]
[SourceTitle "playchess.com"]
[Source "ChessBase"]
[SourceQuality "1"]
[WhiteTeam "Saint Quentin"]
[BlackTeam "Montpellier"]

{[%evp 20,107,16,8,54,12,35,25,32,31,29,24,35,31,89,85,89,99,94,82,137,140,129,149,133,148,127,152,283,130,123,127,149,147,157,155,145,141,137,133,122,113,211,197,201,203,201,207,377,378,490,477,508,508,495,306,299,302,354,341,302,293,547,546,548,455,450,437,409,409,409,409,508,404,545,572,561,481,477,0,555,552,1095,918,1090,1082,12842,12842,12846,501]} 1. e4 c6 2. Nc3 d5 3. Nf3 Bg4 4. h3 Bxf3 5. Qxf3 Nf6 6. d3 e6 7. a3 Nbd7 8. g3 g6 {B11: Caro-Kann: Two Knights Variation} 9. Qe2 Bg7 10. Bg2 O-O 11. O-O {LiveBook: 9 Games} b5 $146 (11... d4 $5 {[%cal Rd4c3]} 12. Nb1 e5 $11) ({Predecessor:} 11... d4 12. Nb1 e5 13. f4 Nh5 14. Qe1 Bh6 15. Bf3 Ng7 16. Bg2 Nh5 17. Bf3 Ng7 18. Bg2 Nh5 19. Bf3 Ng7 20. Bg2 Nh5 {½-½ (20) Fedorchuk,S (2634)-Jojua,D (2507) Cappelle-la-Grande 2012}) 12. Bg5 h6 13. Bd2 Qb6 14. Kh2 d4 15. Nd1 Rac8 16. f4 Kh7 (16... e5 $14) 17. e5 $16 Nd5 18. Nf2 c5 19. Ne4 Rc7 (19... f6 $142) 20. c4 dxc3 21. bxc3 {[%cal Bb2c3,Bc3c4][%mdl 32]} f6 22. Rab1 {[#] Strongly threatening c4.} Qa6 23. Nd6 Rb8 (23... fxe5 $16 {was worth a try.} 24. fxe5 (24. Nxb5 Rcc8 $16) 24... Bxe5 25. Nxb5 (25. Rxf8 Qxd6 26. Rf3 Bxc3 $18) 25... Rcc8) 24. Nxb5 (24. c4 $18) 24... Rxb5 25. Rxb5 Qxb5 26. c4 Qb3 {aiming for ...Ne7.} 27. cxd5 {Hoping for exf6.} fxe5 28. d6 Rc8 29. Be4 $36 {[%mdl 2048] Threatens to win with Qg4. White is on the roll.} Qb2 30. Rf2 {Black must now prevent Qg4.} Nf6 {[#]} (30... Rf8 $16) 31. fxe5 $1 $18 Qxe5 32. Bb7 ({Don't take} 32. Bxg6+ $6 Kxg6 33. Qxe5 Ng4+ 34. hxg4 Bxe5 $16) 32... Qxe2 33. Rxe2 Rd8 $2 (33... Rb8) 34. Rxe6 Kg8 {If only Black now had time for ...Kf7....} 35. Ba5 Rb8 36. Bc6 Rb3 37. d7 Nxd7 38. Bxd7 Rxd3 39. Bb5 ({Weaker is} 39. Rxg6 Rxd7 40. Kg2 Kf7 $11) 39... Rxa3 40. Bc4 ({And not} 40. Rxg6 Ra2+ 41. Kh1 Rxa5 $15) 40... Kf8 $2 (40... Kh7 41. Bd2 g5) 41. Bc7 Bd4 42. Bd6+ Kg7 43. Re7+ Kh8 44. h4 Rc3 45. Bf7 a5 46. Ra7 Kg7 47. Bd5+ Kh8 48. Ra8+ Kg7 49. Ra7+ Kh8 50. Rxa5 {White is clearly winning.} g5 51. hxg5 {White threatens Ra8+ and mate.} hxg5 52. Kh3 Rc1 53. Kg4 Rd1 54. Bxc5 {Precision: White = 76%, Black = 36%.} (54. Kxg5 $142 Rf1 55. Ra8+ Kh7 56. Ra7+ Kh8 57. g4) 1-0

[Event "Top 12 FRA-chT 2017"]
[Site "Chartres"]
[Date "2017.05.18"]
[Round "1"]
[White "Libiszewski, Fabien"]
[Black "Tregubov, Pavel V"]
[Result "1/2-1/2"]
[WhiteElo "2544"]
[BlackElo "2584"]
[Annotator "TA"]
[PlyCount "39"]
[EventDate "2017.??.??"]
[EventType "team-tourn"]
[EventCountry "FRA"]
[SourceTitle "playchess.com"]
[Source "ChessBase"]
[SourceQuality "1"]
[WhiteTeam "Grasse Echecs"]
[BlackTeam "Clichy"]

{[%evp 11,39,14,20,17,18,18,25,12,16,0,0,0,35,17,12,18,18,18,18,16,27,14,16,18,16,20,26,33,39,24]} 1. e4 e5 2. Nf3 Nf6 3. d4 Nxe4 4. Bd3 d5 5. Nxe5 Nd7 6. Nxd7 Bxd7 7. Nc3 {C43: Petroff Defence: 3 d4} (7. O-O Be7 8. Nc3 Nf6 9. Bf4 O-O 10. h3 c6 11. Ne2 Re8 12. c3 Nh5 13. Be5 g6 14. Qc2 Be6 15. Rae1 f6 {0-1 (114) Fier,A (2634)-Wang,Y (2737) Baku 2016}) 7... Nf6 8. Bg5 $146 ({Predecessor:} 8. O-O Be7 9. Bg5 c6 10. Re1 O-O 11. Qf3 h6 12. Bh4 Re8 13. h3 Qb6 14. Rad1 Kf8 15. Rxe7 Kxe7 16. Bxf6+ gxf6 {½-½ (33) Simacek,P (2438)-Vrana,J (2290) Novy Bor 2012}) 8... Be7 9. Qd2 {White has an edge.} (9. Bxf6 $5 Bxf6 10. Nxd5 $14) 9... c6 10. O-O-O O-O 11. f3 Ne8 12. Bxe7 Qxe7 13. Rde1 Qd6 14. h4 Nc7 15. Ne2 Rfe8 16. Qf4 Qxf4+ 17. Nxf4 g6 18. g4 h6 19. Kd2 Kg7 20. c3 {Precision: White = 65%, Black = 41%.} 1/2-1/2

[Event "Top 12 FRA-chT 2017"]
[Site "Chartres"]
[Date "2017.05.18"]
[Round "1"]
[White "Shchekachev, Andrei"]
[Black "Hamitevici, Vladimir"]
[Result "1/2-1/2"]
[WhiteElo "2538"]
[BlackElo "2487"]
[Annotator "TA"]
[PlyCount "91"]
[EventDate "2017.??.??"]
[EventType "team-tourn"]
[EventCountry "FRA"]
[SourceTitle "playchess.com"]
[Source "ChessBase"]
[SourceQuality "1"]
[WhiteTeam "Tremblay-En-France"]
[BlackTeam "Vandoeuvre"]

{[%evp 25,91,30,49,44,53,53,56,59,44,22,22,18,28,15,33,15,17,12,26,31,33,25,26,27,29,28,49,49,176,166,192,191,204,199,256,202,221,193,213,197,222,204,218,208,226,232,231,216,217,221,220,220,230,223,383,222,223,216,222,216,216,0,0,0,0,0,0,0]} 1. Nf3 c5 2. c4 Nc6 3. d4 cxd4 4. Nxd4 e6 5. Nb5 d6 6. N1c3 a6 7. Nd4 Be7 8. e4 Nf6 9. Be2 O-O 10. O-O Qc7 11. Be3 Bd7 12. Rc1 Nxd4 13. Qxd4 Rac8 14. Rfd1 {[#] B44: Sicilian: Taimanov: 5 Nb5} Qb8 $146 ({Predecessor:} 14... Rfd8 15. b4 Be8 16. Kh1 Qb8 17. f3 Nd7 18. a3 Ne5 19. f4 Ng6 20. Qd2 b5 21. cxb5 axb5 {0-1 (51) Goletiani,R (2378)-Perelshteyn,E (2522) Chicago 2006}) 15. a4 a5 16. f3 {White is slightly better.} Bc6 17. b3 Nd7 18. Qd2 Nc5 19. Rb1 h6 20. Kh1 (20. Bd3 $5) 20... Rfd8 21. Bd3 Qc7 22. Bc2 Bf6 23. Ne2 {[%cal Bc3e2,Be2d4,Bd4b5][%mdl 32]} b6 24. Nd4 Ba8 25. Nb5 Qb8 26. Qf2 ({Wrong is} 26. Nxd6 $2 Rc6 $19) 26... d5 ({Better is} 26... Be5 $14) 27. exd5 $18 exd5 28. Bf5 dxc4 29. Bxc8 ({Inferior is} 29. bxc4 Rxd1+ 30. Rxd1 Rd8 $15) 29... Qxc8 (29... Rxd1+ {was called for.} 30. Rxd1 Qxc8) 30. Bxc5 ({Don't do} 30. bxc4 Nxa4 31. Qc2 Nc5 $16) 30... bxc5 31. bxc4 Rf8 32. Re1 Qf5 33. Nd6 Qh5 {[#]} 34. Qg3 $1 Bc6 35. Rb6 Bxa4 36. Ne4 Bd4 {[#]} 37. Nf6+ $1 Bxf6 38. Rxf6 Re8 39. Ra6 {Rxe8+ is the strong threat.} Rxe1+ 40. Qxe1 {[%mdl 4096] Endgame Strongly threatening Qe4. KQR-KQB} Qf5 41. Ra8+ Kh7 42. Rxa5 Bb3 43. Rxc5 $2 (43. Qe3 $18 Bxc4 44. h3) 43... Qxc5 $11 {The position is equal.} 44. Qb1+ g6 45. Qxb3 Qd4 {( -> ...Qa1+)} 46. h3 {Precision: White = 54%, Black = 59%.} 1/2-1/2

[Event "Top 12 FRA-chT 2017"]
[Site "Chartres"]
[Date "2017.05.18"]
[Round "1"]
[White "Nataf, Igor-Alexandre"]
[Black "Godard, Maxence"]
[Result "1/2-1/2"]
[WhiteElo "2535"]
[BlackElo "2329"]
[Annotator "TA"]
[PlyCount "58"]
[EventDate "2017.??.??"]
[EventType "team-tourn"]
[EventCountry "FRA"]
[SourceTitle "playchess.com"]
[Source "ChessBase"]
[SourceQuality "1"]
[WhiteTeam "Strasbourg"]
[BlackTeam "Lisieux"]

{[%evp 14,58,15,12,14,0,9,6,8,0,0,0,-7,0,12,-2,22,33,22,22,33,30,80,85,95,59,98,42,42,43,54,43,43,43,27,35,27,18,22,0,70,66,70,0,79,0,0]} 1. e4 c6 2. d4 d5 3. e5 Bf5 4. h4 h5 5. Bd3 Bxd3 6. Qxd3 {B12: Caro-Kann: Advance Variation} Qa5+ (6... e6 7. Bg5 Be7 8. Nf3 Nh6 9. Nc3 Nf5 10. Ne2 c5 11. dxc5 Qa5+ 12. c3 Qxc5 13. Bxe7 Kxe7 14. Ned4 Nxd4 15. Nxd4 {0-1 (32) Adams,M (2761)-Svidler,P (2741) Shenzhen 2017}) 7. Nd2 e6 8. Ngf3 {LiveBook: 7 Games} Nh6 9. O-O Nf5 10. Nb3 $146 ({Predecessor:} 10. c4 Be7 11. cxd5 cxd5 12. Nb3 Qa6 {1-0 (40) Riff,J (2499)-Roiz,M (2600) Berlin 2015}) 10... Qa6 11. Qd1 Nd7 12. Re1 Be7 13. g3 c5 14. c3 c4 15. Nbd2 b5 16. Nf1 b4 17. Bg5 f6 18. Bf4 Kf7 19. Qc2 Rae8 20. exf6 (20. Re2 $16) 20... gxf6 $14 21. Ne3 Nxe3 22. Rxe3 Nf8 23. cxb4 Bxb4 24. Re2 $36 {[%mdl 2048] White fights for an advantage.} Ng6 25. Bd2 Bd6 26. Rae1 Rhg8 (26... Qxa2 $11 27. Kg2 Nf8) 27. b3 Qc8 28. Bh6 ({White should try} 28. Re3 $14) 28... Rh8 (28... Bf4 $1 $11 29. gxf4 (29. Bxf4 Nxf4 30. Re3 e5 $11) 29... cxb3 30. Qxc8 (30. Qxb3 Nxf4+ 31. Ng5+ fxg5 $16) 30... Rxc8) 29. Rxe6 ({Better is} 29. Bc1 $16) 29... Rxe6 {Precision: White = 43%, Black = 45%.} 1/2-1/2

[Event "Top 12 FRA-chT 2017"]
[Site "Chartres"]
[Date "2017.05.18"]
[Round "1"]
[White "Kveinys, Aloyzas"]
[Black "Youssoupov, Moisse"]
[Result "1-0"]
[WhiteElo "2520"]
[BlackElo "2233"]
[Annotator "TA"]
[PlyCount "75"]
[EventDate "2017.??.??"]
[EventType "team-tourn"]
[EventCountry "FRA"]
[SourceTitle "playchess.com"]
[Source "ChessBase"]
[SourceQuality "1"]
[WhiteTeam "Saint Quentin"]
[BlackTeam "Montpellier"]

{[%evp 11,75,27,39,29,32,4,5,-29,33,39,72,0,34,0,0,0,0,0,0,0,0,0,0,-47,-30,-81,-81,-77,-77,-77,-82,-80,-55,-63,-57,-53,-55,-85,-99,-90,-83,-78,-38,-37,0,0,0,0,-1,-6,19,19,72,63,64,66,29993,-19,29994,29995,29995,29996,29996,29997,29997,29998]} 1. e4 g6 2. d4 Bg7 3. Nc3 d6 4. Be3 a6 5. Nf3 b5 {[%cal Bb7b5,Bb5b4][%mdl 32]} 6. Bd3 Bb7 7. a4 {B06: Modern Defence} b4 8. Nd5 a5 9. O-O $146 {The position is equal.} ({Predecessor:} 9. c3 e6 10. Nf4 Nf6 11. Qc2 O-O 12. h3 Nbd7 13. cxb4 axb4 14. Rc1 c5 15. dxc5 Nxc5 16. Bxc5 dxc5 {0-1 (26) Kalugampitiya,R (2131)-Moradiabadi,E (2547) Ravana 2009}) 9... Nd7 (9... e6 $1 $11 10. Nf4 Nf6) 10. c3 $14 Ngf6 11. Qb3 (11. Nxf6+ $16 Nxf6 12. cxb4) 11... O-O 12. cxb4 Nxd5 13. exd5 Nb6 14. bxa5 Rxa5 15. Bd2 Ra7 16. a5 Bxd5 17. Qb5 Qa8 {And now ...Rb8 would win.} 18. Ra3 (18. Rae1 $1 $11 Bxf3 19. gxf3) 18... c6 $17 19. Qb4 Nd7 {[%cal Bb6d7,Bd7f8,Bf8e6,Be6c5,Bc5b3][%mdl 32]} 20. Qa4 Rb8 21. Re1 Nf8 22. Bc3 Ne6 23. Bc4 c5 24. Bxd5 Qxd5 25. dxc5 Nxc5 26. Qc2 Qc4 (26... Qd3 $5 {[%cal Rd3c2]} 27. Qd1 Qxd1 28. Rxd1 Bxc3 29. bxc3 Rb3 $17) 27. h3 Rb5 28. Qd2 Nb3 29. Qe3 Bxc3 30. bxc3 Nc5 31. Nd4 Rbxa5 (31... Rbb7 $11 {keeps the balance.}) 32. Rxa5 $16 Rxa5 33. Qxe7 Qxc3 $2 {[%mdl 8192]} (33... Ra8 $14) 34. Qd8+ Kg7 {[#]} 35. Nf5+ $1 {[%mdl 512] White mates.} gxf5 36. Qg5+ Kf8 37. Qh6+ Qg7 38. Qxd6+ {Precision: White = 75%, Black = 48%.} 1-0

[Event "Top 12 FRA-chT 2017"]
[Site "Chartres"]
[Date "2017.05.18"]
[Round "1"]
[White "Bailet, Pierre"]
[Black "Piorun, Kacper"]
[Result "1/2-1/2"]
[WhiteElo "2519"]
[BlackElo "2638"]
[Annotator "TA"]
[PlyCount "86"]
[EventDate "2017.??.??"]
[EventType "team-tourn"]
[EventCountry "FRA"]
[SourceTitle "playchess.com"]
[Source "ChessBase"]
[SourceQuality "1"]
[WhiteTeam "Vandoeuvre"]
[BlackTeam "Tremblay-En-France"]

{[%evp 17,86,0,0,0,0,0,8,0,0,-8,0,0,15,0,1,3,27,24,18,-15,-10,-10,-12,-9,-6,-6,-8,-10,-10,-17,-12,-18,-14,-11,-12,-18,-18,-12,-11,-36,-23,-37,-15,-49,-41,-46,-48,-60,-61,-72,-70,-64,-60,-72,-72,-77,-79,-64,-61,-76,-65,-147,0,-87,0,-130,-94,-96,-74,-79,0]} 1. e4 e5 2. Nf3 Nc6 3. Nc3 Nf6 4. d4 exd4 5. Nxd4 Bb4 6. Nxc6 bxc6 7. Bd3 d5 8. exd5 cxd5 9. O-O O-O 10. h3 {C47: Scotch Four Knights and Four Knights with 4 g3} c6 11. Qf3 Re8 12. Bf4 {The position is equal.} Bd6 (12... Qe7 13. a3 Bd6 14. Ne2 c5 15. b3 Be6 16. Bxd6 Qxd6 17. Rad1 Qe7 {1-0 (58) Bacrot,E (2696)-Fressinet,L (2668) Balagna 2017}) 13. Rad1 Be6 (13... Qc7 $5 {[%cal Rd6f4]} 14. Bxd6 Qxd6 $11) 14. b3 Qb8 15. Ne2 $146 ({Predecessor:} 15. Bxd6 Qxd6 16. Na4 h6 17. c4 Qa3 {1-0 (54) Belenkaya,D (2290)-Pogonina,N (2479) Sochi 2017}) 15... a5 16. a4 Bd7 17. Bxd6 Qxd6 18. Nf4 Re5 19. Rfe1 Rae8 20. Rxe5 Qxe5 21. Ne2 Kf8 22. Qf4 Qxf4 23. Nxf4 Rb8 24. f3 Ke7 25. Kf2 Rb4 26. Ke3 g5 27. Ne2 c5 $36 {[%mdl 2048] Black fights for an advantage.} 28. Nc1 h5 {[%cal Bh7h5,Bh5h4][%mdl 32]} 29. Kd2 Kd6 30. Na2 Rb8 31. Nc3 h4 32. Kc1 Be6 33. Re1 Nh5 34. Nb5+ Ke7 35. Nc3 Nf4 36. Bf1 Kf6 37. Kd2 Bf5 38. Ne2 Ne6 39. Nc1 (39. Nc3 $15 Rd8 40. Ra1) 39... Nf4 (39... Nd4 $142 40. Nd3 c4 41. bxc4 dxc4) 40. Ne2 $1 $17 Ne6 41. Nc1 $1 Rd8 {Black is better.} 42. Bd3 Bxd3 43. Nxd3 Rc8 {Precision: White = 46%, Black = 69%.} (43... c4 $17 44. Ne5 cxb3 45. cxb3 Nf4) 1/2-1/2

[Event "Top 12 FRA-chT 2017"]
[Site "Chartres"]
[Date "2017.05.18"]
[Round "1"]
[White "Apicella, Manuel"]
[Black "Delorme, Axel"]
[Result "1/2-1/2"]
[WhiteElo "2515"]
[BlackElo "2514"]
[Annotator "TA"]
[PlyCount "70"]
[EventDate "2017.??.??"]
[EventType "team-tourn"]
[EventCountry "FRA"]
[SourceTitle "playchess.com"]
[Source "ChessBase"]
[SourceQuality "1"]
[WhiteTeam "Grasse Echecs"]
[BlackTeam "Clichy"]

{[%evp 23,70,12,46,51,48,26,50,43,33,16,8,0,14,11,14,-13,0,-16,0,-9,-8,-16,-16,-20,0,0,0,0,0,0,0,0,0,0,0,0,6,0,0,-8,0,-3,0,0,8,0,0,-10,0]} 1. e4 e5 2. Nf3 Nc6 3. Bb5 {[%cal Bf1b5,Bb5a4,Ba4b3][%mdl 32]} a6 4. Ba4 Nf6 5. O-O Be7 6. Re1 b5 7. Bb3 d6 8. c3 O-O 9. h3 Na5 10. Bc2 c5 11. d4 Qc7 12. d5 Bd7 13. b3 {[%cal Bb2b3,Bb3b4][%mdl 32] C97: Closed Ruy Lopez: Chigorin Defence: 11 d4 Qc7, sidelines} Rfb8 (13... Nb7 14. c4 b4 15. Nbd2 g6 16. Nf1 Nh5 17. Bh6 Ng7 18. g4 f6 19. a3 a5 20. Ng3 Rab8 {½-½ (53) Hou,Y (2667)-Grandelius,N (2646) Fagernes 2016}) 14. Nbd2 c4 15. b4 {White is slightly better.} Nb7 {[%cal Ba5b7,Bb7d8,Bd8f7][%mdl 32]} 16. a3 a5 {The position is equal.} 17. Rb1 Ne8 $146 ({Predecessor:} 17... axb4 18. axb4 Ra2 19. Nf1 Qc8 20. Ng3 Bd8 21. Be3 {0-1 (103) Ivkina,O (2206)-Reppen,S (2107) St Petersburg 2006}) 18. Nf1 Nd8 19. g4 g6 20. Ng3 Ng7 21. Kh2 f6 22. Rg1 Nf7 23. Be3 axb4 24. axb4 Qb7 25. Qd2 Ra2 26. Ra1 Rba8 27. Rxa2 Rxa2 28. Qc1 Bd8 29. Bb1 Ra1 (29... Ra6 {is more complex.} 30. Qd2 Ra3 31. Ne1 Rb3 32. Ba2 Ra3) 30. Qb2 Ra6 31. Nf1 Kh8 32. Qd2 Ra1 33. Qb2 Ra6 34. Qd2 Ra1 35. Qb2 Ra6 {Precision: White = 41%, Black = 50%.} 1/2-1/2

[Event "Top 12 FRA-chT 2017"]
[Site "Chartres"]
[Date "2017.05.18"]
[Round "1"]
[White "Koziak, Vitali"]
[Black "Lagarde, Maxime"]
[Result "1/2-1/2"]
[WhiteElo "2507"]
[BlackElo "2601"]
[Annotator "TA"]
[PlyCount "100"]
[EventDate "2017.??.??"]
[EventType "team-tourn"]
[EventCountry "FRA"]
[SourceTitle "playchess.com"]
[Source "ChessBase"]
[SourceQuality "1"]
[WhiteTeam "Bois-Colombes"]
[BlackTeam "Nice Alekhine"]

{[%evp 13,100,5,39,19,56,37,34,9,17,14,17,16,9,0,15,26,10,2,11,2,6,0,0,0,-5,-33,-27,-31,-27,-32,-32,-27,-31,-52,-37,-59,-59,-56,-50,-104,-104,-185,-189,-163,-156,-160,-160,-168,-132,-132,-118,-124,-106,-79,-86,-104,-100,-121,-109,-96,-88,-114,-66,-65,-68,-61,-41,-34,0,0,0,-29,0,-10,0,0,0,-13,0,0,0,0,0,0,0,0,0,0,0]} 1. e4 e6 2. d4 d5 3. exd5 exd5 4. Nf3 Bd6 5. c4 c6 6. Nc3 Ne7 7. Bd3 h6 8. O-O {C01: French: Exchange Variation} Nd7 9. cxd5 (9. c5 $5 {[%cal Rc5d6]} Bc7 10. Re1 $14) 9... cxd5 10. Qb3 {White is slightly better.} Nf6 11. Bb5+ Nc6 $146 ({Predecessor:} 11... Bd7 12. Ne5 Bc6 13. Re1 O-O 14. Bd3 Qa5 15. Bf4 Qb4 {½-½ (34) Varga,Z (2475)-Szelenyi,N Harkany 1993}) 12. Re1+ Be6 13. Qa4 (13. Bxc6+ $5 bxc6 14. Qb7 $11) 13... O-O 14. Bxc6 bxc6 15. Qxc6 Rc8 {[%cal Ba8c8,Bc8c3,Bc3a3][%mdl 32]} 16. Qa6 Ne4 17. Qxa7 Nxc3 18. bxc3 Rxc3 19. Be3 (19. Re3 $5 {[%cal Re3c3]} Qc8 20. Bd2 $11) 19... Ra3 20. Qb7 Qa5 $36 {[%mdl 2048] Black is more active.} 21. Bd2 Qa8 22. Qxa8 Rfxa8 23. Ne5 Rxa2 24. Rxa2 Rxa2 25. Be3 Bf5 26. f3 ({White should play} 26. g4 $15 Be4 27. h3) 26... f6 $17 27. Nc6 {[#]} (27. Ng4 $17) 27... Bd7 $1 $19 {[%cal Rd7c6]} 28. Rc1 Ra6 29. Nd8 {[#]} Rb6 $1 30. Bd2 Kf8 31. Ba5 Rb8 32. Re1 Rb5 33. Bd2 Rb2 34. Bc3 Rb3 35. Ne6+ Kf7 36. Nd8+ Kg6 37. Ba5 Ra3 38. Nb7 Bf4 {And now ...Be3+ would win.} 39. Nc5 Bb5 40. Bb4 Ra2 41. Ne6 Bb8 42. Bf8 Kf7 43. Bc5 {The position is equal.} Bc4 44. Nd8+ Kg6 45. Ne6 h5 {[%cal Bh6h5,Bh5h4][%mdl 32]} 46. Rb1 Ra8 $1 47. g3 h4 48. Rb7 Ra1+ 49. Kf2 Ra2+ 50. Kg1 Ra1+ {Precision: White = 45%, Black = 70%.} 1/2-1/2

[Event "Top 12 FRA-chT 2017"]
[Site "Chartres"]
[Date "2017.05.18"]
[Round "1"]
[White "Sebag, Marie"]
[Black "Decosse, Jean-Fabien"]
[Result "1/2-1/2"]
[WhiteElo "2488"]
[BlackElo "2216"]
[Annotator "TA"]
[PlyCount "124"]
[EventDate "2017.??.??"]
[EventType "team-tourn"]
[EventCountry "FRA"]
[SourceTitle "playchess.com"]
[Source "ChessBase"]
[SourceQuality "1"]
[WhiteTeam "Strasbourg"]
[BlackTeam "Lisieux"]

{[%evp 24,124,20,25,35,40,27,30,25,26,26,12,35,39,65,46,91,51,128,49,75,75,75,77,68,60,80,39,39,29,62,37,62,20,19,15,12,11,15,11,11,0,11,12,12,10,24,22,58,56,47,9,19,18,120,12,13,0,0,0,0,0,0,0,0,0,0,0,0,0,0,-62,-67,-71,-65,-62,-57,-57,-57,-65,-15,-12,-16,-30,0,0,0,0,0,0,0,0,0,0,0,0,0,0,0,0,0,0,0]} 1. e4 d6 2. d4 Nf6 3. Nc3 e5 4. Nf3 Nbd7 5. Bc4 Be7 6. O-O O-O 7. Re1 c6 8. a4 a5 9. h3 exd4 10. Nxd4 Nc5 11. Bf4 Be6 {C41: Philidor Defence} 12. Nxe6 fxe6 13. e5 {[%cal Re5d6] LiveBook: 18 Games} (13. Qe2 Nfd7 14. Bg3 Bh4 15. Bxe6+ Nxe6 16. Qg4 Bxg3 17. Qxe6+ Kh8 18. fxg3 {½-½ (18) Moiseenko,A (2701)-Kuzubov,Y (2661) Lvov 2014}) 13... Ne8 {White has an edge.} 14. exd6 Rxf4 15. dxe7 Qxe7 {[#]} 16. Bf1 $146 ({Predecessor:} 16. Qe2 Nc7 17. g3 Rd4 18. Rad1 Rad8 19. b3 {½-½ (50) Ivanov,A (2522)-Hungaski,R (2471) Middleton 2013}) 16... Nc7 17. g3 Rf5 18. Bg2 Raf8 19. Re2 $1 e5 20. Ne4 Rd8 {[#]} (20... Nxe4 $14 21. Bxe4 R5f7) 21. Rd2 (21. Qe1 $1 $16) 21... Rff8 22. Nxc5 Rxd2 23. Qxd2 Qxc5 24. Ra3 Nd5 25. Rd3 {[%cal Rg2d5]} Nf6 26. Rd8 Qb4 27. c3 Qe7 28. Rd3 Re8 29. Qe3 e4 30. Rd4 Qe5 31. h4 h6 32. Rd1 c5 33. Re1 b6 34. Qd2 Qe6 35. Bf1 Qe7 36. Bc4+ Kf8 37. Qe3 Qd6 38. Bb3 Rd8 (38... Ng4 $11 39. Qe2 Nf6) 39. Kg2 (39. Rd1 $16 Qc7 40. Rxd8+ Qxd8 41. Qf4) 39... Qd2 $11 40. Bc4 Qxb2 41. Re2 Qa1 {...Rd1 is the strong threat.} 42. Rd2 Rxd2 43. Qxd2 Ke7 44. Bb5 h5 45. Qg5 Kf8 46. Qe5 Qb2 47. Bc4 (47. Qe6 $11 Qxc3 48. Bc4 Qf3+ 49. Kg1 Qd1+ 50. Kg2 Qf3+ 51. Kg1 Qd1+ 52. Kg2 Qf3+) 47... Qxf2+ $1 $15 48. Kxf2 {Threatening mate with Qc7.} Ng4+ 49. Ke2 {Qc7 would kill now.} Nxe5 {[%mdl 4096] Endgame KB-KN} 50. Bd5 Ke7 51. Ke3 $1 Ng4+ 52. Kxe4 Nf6+ 53. Ke5 Nxd5 54. Kxd5 $11 {[#] Hoping for Kc6. KP-KP. The position is equal.} b5 $1 {[%mdl 512]} 55. axb5 a4 56. Kc4 $1 ({Avoid the trap} 56. Kxc5 $2 a3 $19) 56... Kd6 (56... g6 $5) 57. Kd3 {aiming for c4.} a3 {And now ...a2 would win.} 58. Kc2 c4 {White must now prevent ...Kc5.} (58... a2 $5 59. Kb2 $8 c4 $11) 59. Kb1 Kc5 60. Ka2 Kxb5 {( -> ...Ka4)} 61. Kxa3 Ka5 62. Ka2 Ka4 {Precision: White = 66%, Black = 54%.} 1/2-1/2